English Premier League Team Colors Quiz - Statistics

General Stats
  • This quiz has been taken 163 times
  • The average score is 9 of 20
Answer Stats
Colors Team % Correct
Norwich City
74%
West Ham United
62%
Manchester City
56%
Newcastle United
56%
Aston Villa
55%
Chelsea
55%
Liverpool
55%
Tottenham Hotspur
55%
Arsenal
48%
Wolverhampton Wanderers
48%
Manchester United
45%
Burnley
44%
Everton
43%
Brighton & Hove Albion
36%
Watford
36%
Leicester City
31%
Crystal Palace
30%
Sheffield United
27%
Bournemouth
26%
Southampton
24%
No matching quizzes found
Score Distribution
Percent of People with Each Score
Percentile by Number Answered
Your Score History
You have not taken this quiz